Statistics for Countries with the Most Olympic Medals Per Capita

Click here to take the quiz!

General Stats

  • This quiz has been taken 35 times
  • The average score is 11 of 15

Answer Stats

HintAnswer% Correct
1.48 (per million people)Norway
90%
0.89 (per million people)Sweden
90%
1.73 (per million people)Denmark
87%
1.5 (per million people)Switzerland
83%
2.1 (per million people)Netherlands
80%
0.96 (per million people)Great Britain
77%
1.95 (per million people)Croatia
70%
3.04 (per million people)Jamaica
70%
2.14 (per million people)Slovenia
70%
1.8 (per million people)Australia
67%
1.03 (per million people)Czech Republic
67%
1.03 (per million people)Serbia
67%
1.32 (per million people)Cuba
63%
2.07 (per million people)Hungary
57%
4.15 (per million people)New Zealand
57%

Score Distribution

Percentile by Number Answered

Percent of People with Each Score

Your Score History

You have not taken this quiz